| 000 | 00692nam a2200241 i 4500 | ||
|---|---|---|---|
| 001 | C2-0075506 | ||
| 003 | PPAK | ||
| 005 | 20180727081623.0 | ||
| 008 | 970429s1990 enka|||| ||||| | eng d | ||
| 020 | _a0747508895 | ||
| 040 |
_aPPAK _beng _cPPAK _erda |
||
| 082 | 0 | 4 |
_a956.92044 _223 |
| 090 | 0 | 0 |
_a956.92044 _bGIA _dG |
| 100 | 1 |
_aGiannou, Chris, _eauthor |
|
| 245 | 1 | 0 |
_aBesieged: _ba doctor's story of life and death in Beirut |
| 264 | 1 |
_aLondon : _bBloomsbury , _c1990 |
|
| 300 |
_axxxi, 254 pages : _billustrations |
||
| 336 |
_2rdacontent _atext |
||
| 337 |
_2rdamedia _aunmediated |
||
| 338 |
_2rdacarrier _avolume |
||
| 650 | 1 | 0 | _aShatila (Lebanon : Refugee camp) |
| 942 |
_ddc _cB |
||
| 999 |
_c11282 _d11282 |
||